|
|
|
|
| LEADER |
01021nam a2200289 a 4500 |
| 001 |
29313 |
| 003 |
BD-DhAAL |
| 005 |
20150526165902.0 |
| 008 |
150526s1989 nyu b 000 0 eng |
| 010 |
|
|
|a 88020935
|
| 020 |
|
|
|a 0415900700 (pbk.)
|
| 020 |
|
|
|a 0415900697 (hard)
|
| 040 |
|
|
|a DLC
|c DLC
|d DLC
|d BD-DhAAL
|
| 050 |
0 |
0 |
|a PN81
|b .N43 1989
|
| 082 |
0 |
0 |
|a 901
|2 19
|
| 245 |
0 |
4 |
|a The New historicism /
|c edited by H. Aram Veeser.
|
| 260 |
|
|
|a New York :
|b Routledge,
|c 1989.
|
| 300 |
|
|
|a xvi, 317 p. ;
|c 23 cm.
|
| 504 |
|
|
|a Includes bibliographical references.
|
| 541 |
|
|
|e 29313
|
| 650 |
|
0 |
|a Criticism.
|9 11480
|
| 650 |
|
0 |
|a New Historicism.
|9 11481
|
| 700 |
1 |
|
|a Veeser, H. Aram
|q (Harold Aram),
|d 1950-
|9 11482
|
| 856 |
4 |
2 |
|3 Publisher description
|u http://www.loc.gov/catdir/enhancements/fy0651/88020935-d.html
|
| 942 |
|
|
|2 ddc
|c BK
|
| 999 |
|
|
|c 34535
|d 34535
|
| 952 |
|
|
|0 0
|1 0
|2 ddc
|4 0
|6 901_000000000000000_NEW
|7 0
|9 53921
|a BRACUL
|b BRACUL
|c GEN
|d 2015-05-26
|l 2
|m 1
|o 901 NEW
|p 3010029313
|r 2019-06-19
|s 2019-04-28
|t 1
|w 2015-05-26
|y BK
|